| 000 | 00815nam a22002057a 4500 | ||
|---|---|---|---|
| 999 |
_c178273 _d178273 |
||
| 005 | 20210324114024.0 | ||
| 010 | _aENG-129276 | ||
| 020 |
_a978-81-935676-3-0 _c199.00 |
||
| 035 | _aEN-112808 | ||
| 037 | _bDBAD/PUB | ||
| 082 | _a658 | ||
| 100 | _aA. Shankaraiah | ||
| 245 |
_aPrinciples of Management: as per Choise Based Credit System (CBCS)/ _cA. Shankaraiah, V. V. S. Sarma and G. Jaya |
||
| 260 |
_aHyderabad _bSeven Hills International Publishers _c2017 |
||
| 270 |
_bHyderabad _e500038 _a3326/C, Level-4, Surneni Nilayam, Near B K Gupta Park, S R Nagar _k91 40 23710657, 238000657 _l91 40 23810657 _mstudentshelpline.in@gmail.com |
||
| 300 |
_axvi+272p. _c24cm(pbk) _bIncluding illustrations and tables. |
||
| 700 | _aSarma, V. V. S. | ||
| 700 | _aG. Jaya | ||
| 942 |
_2ddc _cEN _h658 _mPRI |
||